Statistiken für 1981: Hitparade in Deutschland

Klicken Sie hier um das Quiz zu spielen!

Allgemein

  • Dieses Quiz wurde 16 mal gespielt
  • Das Durchschnittsergebnis liegt bei 4 aus 12

Antwortstatistiken

BandTitel% Korrekt
Soft CellTainted Love
75%
Phil CollinsIn the Air Tonight
63%
VisageFade to Grey
56%
Gottlieb WendehalsPolonäse Blankenese
50%
Stars on 45Stars on 45
44%
Barbara StreisandWoman in Love
44%
Kim CarnesBette Davis Eyes
38%
ABBASuper Trouper
19%
Frank Duval & OrchestraAngel of Mine
13%
Fred Sonnenschein und seine FreundeJa, wenn wir alle Englein wären
13%
Electronica'sDance Little Bird
6%
Joe Dolce Music TheatreShaddap You Face
6%

Verteilung der Resultate

Perzentil nach korrekt beantworteten Fragen

Anzahl Personen mit jedem Resultat

Ihre Resultats-Entwicklung

Sie haben dieses Quiz noch nicht gespielt